Lecciones de derecho romano I-II

Na minha lista:
Detalhes bibliográficos
Autor principal: Rinaldi, Norberto (Autor)
Formato: Livro
Idioma:espanhol
Publicado em: Buenos Aires Edictum 1995
Assuntos:
Tags: Adicionar Tag
Sem tags, seja o primeiro a adicionar uma tag!

MARC

LEADER 00000nam a2200000 a 4500
001 UCT6087
003 CL-VaPUC
008 961230e19950000AG |||||||||||||||||spa|d
082 0 4 |a 340.54  |b RIN  |2 21 
100 0 |a Rinaldi, Norberto  |e author  |9 375843 
245 1 0 |a Lecciones de derecho romano I-II 
300 |a 139 p 
942 |c BK 
945 |d 19961230 00:00:00  |a rleighto 
260 |a Buenos Aires  |b Edictum  |c 1995 
650 0 |a Derecho romano  |9 255930 
583 |a last modification  |c 19961230 00:00:00  |k Rodrigo Vera 
999 |c 254818  |d 254816 
952 |0 0  |1 0  |4 0  |6 340_540000000000000_RIN_1995  |7 0  |8 DER_ROM  |9 276708  |a BIBDER  |b BIBDER  |d 2019-11-19  |i 3265447  |o 340.54 RIN 1995  |p 3265447  |r 2023-01-25  |w 2019-11-19  |x Ubicación 4to piso  |y BK  |z Este recurso debe solicitarse con anticipación  |k DER